=LDR 00000nam 2200000 4500 =001 INLIS000000000035640 =005 20130612141501 =008 ***********************************Ind** =035 ##$$0010-061300000035640 =041 ##$$a Ind =082 ##$$a 370, =090 ##$$a 370 , POL p =100 ##$$a Ali Masykur Musa, , Dr =245 ##$$a Politik Anggaran Pendidikan, , Pasca Perubahan UUD 1945 =260 ##$$a Sekjen Mahkamah Konstitusi $b Jakarta =300 ##$$a x, 294 hlm, , 22 cm =850 ##$$a NBPNMAT